Vzťah lekár - pacient z pohľadu právnej úpravy
Ústavnoprávny rámec ochrany zdravia. Zákonná úprava vzťahu lekár - pacient. Povinnosti lekára vo vzťahu k pacientovi. Zodpovednosť lekára za nesplnenie povinnosti voči pacientovi a právne možnosti ochrany porušených práv pacienta.
Guardado en:
| Autor principal: | |
|---|---|
| Formato: | Capítulo de libro |
| Lenguaje: | eslovaco |
| Materias: | |
| Etiquetas: |
Sin Etiquetas, Sea el primero en etiquetar este registro!
|
MARC
| LEADER | 00000naa a2200000 4500 | ||
|---|---|---|---|
| 001 | r047189 | ||
| 005 | 20230929081413.1 | ||
| 041 | 0 | |a slo | |
| 044 | |a SK | ||
| 245 | 1 | 0 | |a Vzťah lekár - pacient z pohľadu právnej úpravy |c Renáta Nemčeková |
| 520 | |a Ústavnoprávny rámec ochrany zdravia. Zákonná úprava vzťahu lekár - pacient. Povinnosti lekára vo vzťahu k pacientovi. Zodpovednosť lekára za nesplnenie povinnosti voči pacientovi a právne možnosti ochrany porušených práv pacienta. | ||
| 610 | 2 | 0 | |a zdravotníctvo |
| 610 | 2 | 0 | |a lekári |
| 610 | 2 | 0 | |a ochrana práv občanov |
| 610 | 2 | 0 | |a ochrana zdravia |
| 610 | 2 | 0 | |a úpravy právne |
| 610 | 2 | 0 | |a Slovensko |
| 100 | 1 | |a Nemčeková, Renáta | |